Using Algae products in sow diets to enhance piglets perforormance; ការបន្ថមផលិតផលសារាយសមុទ្រក្នុងចំណីមេជ្រូក ទៅលើសុខុមាលភាពរបស់កូនជ្រូក (Record no. 23625)

000 -LEADER
fixed length control field 00647nam a22001337a 4500
040 ## - CATALOGING SOURCE
Transcribing agency RUA
082 ## - DEWEY DECIMAL CLASSIFICATION NUMBER
Classification number DVM PHY 2023 B1.370 Or.
100 ## - MAIN ENTRY--AUTHOR NAME
Personal name PHY PHEAROT; ភី ភារ៉ូត
245 ## - TITLE STATEMENT
Title Using Algae products in sow diets to enhance piglets perforormance; ការបន្ថមផលិតផលសារាយសមុទ្រក្នុងចំណីមេជ្រូក ទៅលើសុខុមាលភាពរបស់កូនជ្រូក
260 ## - PUBLICATION, DISTRIBUTION, ETC. (IMPRINT)
Place of publication PHNOM PENH
Name of publisher RUA
Year of publication 2023
300 ## - PHYSICAL DESCRIPTION
Number of Pages x;
Other physical details ill;
Dimensions 29cm,
856 ## - ELECTRONIC LOCATION AND ACCESS
Uniform Resource Identifier https://drive.google.com/file/d/16sakuRpT9uspFENT40a5IaDNACkNUxvS/view?usp=sharing
942 ## - ADDED ENTRY ELEMENTS (KOHA)
Koha item type MGR
952 ## - LOCATION AND ITEM INFORMATION (KOHA)
Withdrawn status [LOCAL, KOHA] 0
952 ## - LOCATION AND ITEM INFORMATION (KOHA)
Withdrawn status [LOCAL, KOHA] 0
952 ## - LOCATION AND ITEM INFORMATION (KOHA)
Withdrawn status [LOCAL, KOHA] 0
952 ## - LOCATION AND ITEM INFORMATION (KOHA)
Withdrawn status [LOCAL, KOHA] 0
Holdings
Koha item type Barcode Lost status Permanent Location Current Location Date acquired Full call number
MGRA075097 Library Block BLibrary Block B2024-09-10DVM PHY 2023 B1.370 Or.1
MGRA082275 Library Block BLibrary Block B2024-09-10DVM PHY 2023 B1.370 Or.2
MGRA082279 Library Block BLibrary Block B2024-09-10DVM PHY 2023 B1.370 Or.3
MGRA082171 Library Block BLibrary Block B2024-09-10DVM PHY 2023 B1.370 Or.4
មជ្ឈមណ្ឌលឯការនៃសាកលវិទ្យាល័យភូមិន្ទកសិកម្មចំការដូង

Powered by Koha